[Event "Ashdod op 1st"]
[Site "Ashdod"]
[Date "2003.10.17"]
[Round "9"]
[White "Rechlis, Gad"]
[Black "Golod, Vitali"]
[Result "1-0"]
[WhiteElo "2507"]
[BlackElo "2544"]
[Annotator "Golod,V"]
[PlyCount "103"]
[EventDate "2003.10.04"]
[EventType "swiss"]
[EventRounds "9"]
[EventCountry "ISR"]
[SourceTitle "CBM 096 Extra"]
[Source "ChessBase"]
[SourceDate "2003.10.22"]
[SourceVersion "2"]
[SourceVersionDate "2003.10.20"]
[SourceQuality "1"]

1. c4 Nf6 2. Nc3 e6 3. e4 d5 4. e5 d4 5. exf6 dxc3 6. bxc3 Qxf6 7. Nf3 (7. d4 {
It's main line.You can see comments to Pelletier,Y-Ribli,Z/Germany,2003/CBM 92
(1-0)(Pelletier,Y)(48)}) 7... c5 $6 {After this inaccurate move I should
struggle for equality up to the end of this game.In last years White has a
excellent statistics in this variant.} ({The most basic continuation:} 7... e5
{You can see annotations to game: Zvjaginsev,V-Sargissian,G/Istanbul,2003/CBM
96(1/2-1/2)(Ribli,Z)(70)}) 8. Bd3 $5 {Besides White has two alternatives:} (8.
g3 {/\Bg2,0-0 and so on}) ({and} 8. d4 {See comments to Kharlov,A-Datu,I/
Calcutta,2001/CBM 82(1-0)(Ribli,Z)(46)}) 8... Bd7 ({After:} 8... Nc6 $6 {
Black have lost all six games (Mega DataBase 2003)}) ({On:} 8... Bd6 {you can
find four games in Mega DataBase 2003}) ({and also once were checked in the
preceding game:} 8... Qd8 $6) 9. Qe2 $5 ({On:} 9. Be4 {I have found four games
in Mega DataBase 2003. For an example we shall consider most interesting of
them:} Bc6 10. Qe2 Bxe4 $6 (10... Bd6 $142) 11. Qxe4 Nc6 12. Rb1 O-O-O 13. d4
Rd7 (13... Qg6 $6) 14. Bf4 Qg6 $4 (14... Bd6 $5) 15. Qxc6+ $3 {[%csl Rc8][%cal
Gb1b8] 1-0 Benjamin,J-Gamboa,N/Philadelphia,1995}) 9... Bd6 ({After:} 9... Bc6
$5 10. Be4 (10. Rb1 $5) 10... Bd6 {with rearrangement of moves we receive a
position from a game.}) 10. Be4 Bc6 ({Can it was necessary to decide on the
more reliable continuation:} 10... Nc6 11. d4 h6 {[%csl Yh6][%cal Yh6g5]}) 11.
d4 $5 $146 ({Were checked in the preceding game:} 11. Rb1 $5 Qe7 12. O-O O-O
13. d4 Nd7 14. Bc2 $14 {You can see comments to game: Grant,J-Aarthie,R/
Torquay,2002/CBM 91(1-0)(Atlas,V)(21)}) 11... Bxe4 {It is rather difficult to
continue game without exchange of these bishops.} 12. Qxe4 Nc6 13. Rb1 {
[%csl Gb1,Rb7,Ge4][%cal Gb1b7,Ge4a8] <->b; /^a8-h1. White perfectly use a
weakness of the my queen side.} Qe7 14. O-O $14 h6 {Here I had a rather uneasy
choice and consequently has thought about 35 minutes.} ({Hardly is better:} 
14... Rb8 15. dxc5 $5 {An interesting idea which was mentioned by Gad Rechlis
after the game.} (15. Re1 $5 $14) 15... Bc7 (15... Bxc5 $4 16. Qxc6+ $1 bxc6
17. Rxb8+ $18 {[%csl Re8,Rh8]}) 16. Nd4 $5 (16. Rxb7 $2 Rxb7 17. Qxc6+ Qd7 18.
Qa6 (18. Qxb7 $4 Bxh2+ {[%csl Rb7,Rg1]}) 18... Rb1 $15) 16... Qxc5 17. Nb5 $36)
({It was very dubiously:} 14... O-O $6 {because of:} 15. Ng5 g6 $140 16. Re1 $1
$40 {[%csl Ge1,Re6][%cal Ge4h4]} (16. Qh4 $143 f6 17. Ne4 $14)) 15. Qg4 O-O {
I expected for this castle,when I made my previous move.} ({I correctly was
afraid to make castle in the long party:} 15... O-O-O $6 16. Re1 $36 {[%csl
Gb1,Rc8,Ge1,Re7,Gg4]}) 16. dxc5 $1 ({I have prepared a small trap:} 16. Bxh6 $2
f5 17. Qh5 (17. Qg5 $6 Rf6 {[%csl Rh6]} 18. Bxg7 Qxg7 19. Qxg7+ Kxg7 20. Rxb7+
Kg6 $13) 17... gxh6 18. Qg6+ {[%csl Rd6,Re6]} Kh8 19. Qxh6+ Kg8 $11 {[%cal
Gf8f6]}) 16... Bxc5 $6 {The wrong decision,this not too successful place for
Black's bishop.} (16... Bc7 $142 {[%csl Gc7,Ye7,Rg1]} 17. Nd4 (17. Bxh6 $2 f5 {
[%csl Rh6][%cal Gf8f6]} 18. Qxg7+ Qxg7 19. Bxg7 Kxg7 20. Rxb7 Rf7 $11) 17...
Ne5 18. Qe4 $14 {[%csl Rb7][%cal Gb1b7,Gc1f4]}) (16... Be5 $6 17. Bxh6 (17.
Nxe5 $6 Nxe5 18. Qg3 Ng6 {+/=/=}) 17... Bxc3 (17... f5 $143 18. Qg5 $1 $16 {
[%csl Rb7]}) 18. Rb3 $36) 17. Bxh6 {White make this move in the most suitable
moment.} f5 (17... f6 $143 18. Rfe1 Rae8 19. Be3 Bxe3 20. Rxe3 {[%cal Gf3d4] +/
=/+/-}) 18. Qg3 Bd6 19. Bf4 Bxf4 {I had no other worthy alternative:} (19... e5
$143 20. Bg5 Qc7 21. Rfd1 $16 {[%csl Rd6]}) 20. Qxf4 e5 21. Qg3 Rf6 22. Rfe1
Re8 $2 {In comparison with a position from a game,I could receive the
important tempo:} (22... e4 23. Ng5 Raf8 {+/=/+/-}) 23. Rb5 {[%csl Re5,Rf5]} e4
24. Ng5 {[%csl Rf5,Rg8,Rh7][%cal Gg3h3,Gh3f5,Gh3h7] The game of White
corresponds to the requirements of a position!} Ref8 $138 ({Leads to very
difficult rooks endgame:} 24... Ne5 $6 25. Qh3 {[%csl Rf5][%cal Gh3h7]} Nf7 (
25... g6 $2 26. Rxe5 $1 Qxe5 27. Qh7+ Kf8 28. Rd1 $1 $18 {[%csl Rf8][%cal
Gh7h8,Gh8g7,Yd1d8]}) 26. Qh7+ Kf8 27. Nxf7 Qxf7 (27... Kxf7 $2 28. Rxf5 $18) (
27... Rxf7 $4 28. Qh8#) 28. Qh8+ Qg8 $8 (28... Ke7 $4 29. Rxb7+ {[%csl Re7,Rf7]
}) 29. Qxg8+ Kxg8 30. Rxb7 $16) 25. Qh4 Rh6 {In my opinion,this continuation
is much better,than:} (25... g6 $6 26. Rd5 $16 {/\Red1,Rd7<->d}) 26. Qf4 Rg6
27. h4 {[%csl Yg8] I have compelled the contender to make this move, as I
wanted to ensure temporary safety to my king.} Rgf6 28. Rd1 $16 Nd8 29. Re5 {
It's small discrepancy,which allows to improve a position of the Black's
pieces.} (29. Rbd5 $142 Ne6 (29... Nf7 $143 30. Rxf5 Nxg5 31. Qxg5 $18 {
[%csl Re7] Gad Rechlis didn't see this simple move.} (31. Rxf6 $2 Nh3+ $1 32.
gxh3 Rxf6 $14)) 30. Qe5 {[%cal Gd5d7]} Qe8 31. Rd7 Nxg5 32. Qxe8 Rxe8 33. hxg5
Rb6 (33... Rf7 $2 34. g6 {[%csl Rb7,Rg8]}) 34. Rc7 {[%cal Gd1d7] +/-/+-}) 29...
Qa3 (29... Qc7 $2 {is refuted by:} 30. Rxe4 $18 {[%cal Ye4f4]}) 30. Rdd5 {
[%csl Rf5]} Qxc3 31. Rxf5 e3 $8 ({Immediately loses a game the following move:
} 31... Rxf5 $2 32. Rxf5 Re8 33. Qd6 {[%csl Rg8][%cal Gd6d5,Gd6g6,Gg6h7]} e3
34. Qg6 exf2+ 35. Kh2 $1 $18 {[%csl Gg6,Rg8][%cal Gg6h7]}) 32. Rxf6 $1 ({
Unexpectedly after:} 32. fxe3 $2 {White lose all advantage:} Qe1+ $1 33. Kh2
Rxf5 34. Rxf5 Rxf5 35. Qxf5 Qxh4+ {[%csl Rc4]} 36. Nh3 (36. Kg1 Qe1+ 37. Kh2
Qh4+) 36... Qxc4 $11) 32... exf2+ 33. Qxf2 Qxf6 {Black had no other
alternative:} (33... gxf6 $2 34. Ne4 $18 {[%csl Rg8]}) 34. Qxf6 gxf6 35. Ne4 {
+/-/+-} Kf7 (35... f5 $143 36. Nd6 {[%csl Rf5]} f4 37. Kf2 {[%csl Rf4][%cal
Gf2f3]}) 36. Rd7+ Kg6 (36... Ke6 {I wrongly expected for this move,when I made
35...Kf7.} 37. Nc5+ $18 {[%csl Rb7,Re6][%cal Gc5b7,Gc5e6,Yc5d7]}) 37. Nd6 {
[%csl Ra7,Rb7]} Ne6 38. Nxb7 Rc8 39. Na5 Kf5 $5 {There is no sense to protect
of the pawn "a7". It's sole practical chance on rescue.I try to make active my
pieces.} 40. Rxa7 Nf4 41. g3 Nh5 $2 ({More stubborn resistance after:} 41...
Rg8 42. Kh2 (42. Kf2 $144 Nd3+ 43. Kg2 Nf4+ 44. Kh2) 42... Ne2 43. Nc6 {
[%csl Rf5,Rg8][%cal Gc6e7]} Kg4 (43... Rxg3 $2 44. Nd4+ {[%csl Gd4,Ye2,Rg3,Gh2]
[%cal Gd4e2,Ye2g3,Gh2g3]}) 44. Ra3 Rc8 {[%csl Rc4,Rc6]} 45. Re3 Rxc6 $140 46.
Rxe2 Rxc4 47. Rf2 $1 $18 {[%csl Ga2,Rc4,Rg4][%cal Gf2f4]}) 42. Kf2 Rg8 43. Nc6
$1 $18 {[%csl Rf5,Rg8][%cal Gc6e7] I didn't see this resource.} Ke4 ({Loses
right away:} 43... Rxg3 $2 {because of:} 44. Ra5+ Kg4 45. Rxh5 {[%csl Rg3]}
Rf3+ 46. Ke2 {[%csl Rf3]}) 44. Rd7 $1 ({Also good enough:} 44. Ra3 $5 {[%cal
Ya3g3]}) 44... Rxg3 $140 (44... Nxg3 $143 45. Rd4+ Kf5 46. Ne7+ Ke5 $8 47. Rd5+
{[%csl Rg8]}) 45. Rd4+ Kf5 46. Rd5+ {[%csl Rg3,Yh5][%cal Yh5g3]} Kg4 47. Rxh5 {
[%csl Rg3]} Ra3 (47... Rf3+ 48. Ke2 {[%csl Rf3]}) 48. Rh6 {The rest is the
matter of technics.} Rxa2+ 49. Ke3 f5 50. Ne5+ Kg3 51. Rg6+ Kxh4 52. Nf3+ {
[%csl Rf5,Rh4] Good achievement of GM Gad Rechlis.} 1-0

[Event "EU-ch 19th"]
[Site "Batumi"]
[Date "2018.03.22"]
[Round "6"]
[White "Navara, David"]
[Black "Abasov, Nijat Azad"]
[Result "1-0"]
[WhiteElo "2737"]
[BlackElo "2608"]
[Annotator "Havasi,G"]
[PlyCount "61"]
[EventDate "2018.03.17"]
[EventType "swiss"]
[EventRounds "11"]
[EventCountry "GEO"]
[SourceTitle "CBM 184"]
[Source "ChessBase"]
[SourceDate "2018.05.16"]
[SourceVersion "1"]
[SourceVersionDate "2018.05.16"]
[SourceQuality "1"]

1. c4 Nf6 2. Nc3 e6 3. e4 d5 4. e5 d4 5. exf6 dxc3 6. bxc3 Qxf6 7. Nf3 b6 {
This sideline has become popular in the last few years.} ({The most common
move is} 7... e5 {, when White usally continues with} 8. d4 {or} (8. Bd3)) 8.
g3 (8. d4 Bb7 {is more common.}) 8... Bb7 9. Bg2 Nd7 (9... Bd6 {has also been
played, Black managed to equalise in these games:} 10. d4 h6 11. O-O (11. Qd3
Nd7 12. O-O Rb8 13. Nd2 Bxg2 14. Kxg2 O-O 15. f4 Rbd8 $11 {0-1 (42) Maslak,K 
(2548)-Khusenkhojaev,M (2310) Peterhof 2007}) 11... O-O 12. a4 Nc6 13. Nd2 Na5
14. Bxb7 Nxb7 $11 {1/2 (27) Movsesian,S (2715)-Navara,D (2705) Czechia 2012.
It's interesting, that in this game, GM Navara played Black.}) 10. d4 (10. O-O
Qd8 11. d4 Be7 12. Re1 O-O 13. Rb1 Nf6 14. Bg5 h6 15. Bxf6 Bxf6 $11 {0-1 (58)
Ghaem Maghami,E (2596)-Ponomariov,R (2710) Berlin 2015}) 10... Bd6 {This move
allows White to immediately get some edge.} (10... Qd8 11. O-O Be7 {would
transpose to the above-mentioned Ponomariov game,}) (10... h6 11. O-O Bd6 {
is also a typical setup for Black in this system.}) 11. Bg5 $1 Qf5 12. Nh4 $1
Qxg5 13. Bxb7 {With this plan, White managed to get the bishop pair, not to
mention, that the c6-square is an unpleasant hole in Black's position; the
black pieces are also not so well coodinated, because the white pawn structure
blocks them perfectly.} Rd8 $1 {Of course, the rook needs to be on d8 to
enable castling by protecting the d7-knight, that will be put under pressure
on the next move.} 14. Qa4 $1 {Very strong positional move, with the idea of
taking the a5-square from Black's queen. In the eveent of other moves, Black
would not hesitate to put his queen on the strategically important a5-square.}
(14. O-O Qa5 15. Qc2 O-O $14) 14... O-O 15. O-O {In this position, Black has 4
plans, that deserve mentioning.} a5 (15... Be7 16. f4 Qa5 17. Qxa5 bxa5 {
The idea is, that the h4-knight is under pressure, Black threatens to take to
create a double pawn. Without this threat, White could play c5.} 18. Nf3 c5 {
Now Black can play ...c5.} 19. Kg2 $14 {White is slightly better, because of
the better structure and the pieces can coordinate better.}) (15... Qd2 {
The idea is to prevent f4, that would put the queen out of play.} 16. Rac1 a5
17. Kg2 $14) (15... Qh6 {This plan sacrifices the a7-pawn for counterplay, but
this doesn't seem to be enough compensation.} 16. Qxa7 g5 17. Nf3 $14) 16. f4
$1 {Closing out the queen from the play and making the black pieces even more
passive.} Qf6 17. Bc6 (17. Rae1 $14 {is also possible and a natural move.})
17... Nb8 18. Rab1 {The idea is keeping the b6-pawn under pressure to prevent .
..c5. On the other hand, this move order might not be the best.} (18. Bg2 $14 {
Maybe White should avoid the possible exchange of the bishop for the knight and
} Qe7 19. Rab1 {leads to the game.}) 18... Qe7 ({Black had a good chance, to
take the strong bishop with} 18... Nxc6 $1 19. Qxc6 Rc8 20. Nf3 Qf5 $11 {
Black has equalised.}) 19. Bg2 c5 {This move allows White to further increase
the advantage.} (19... Nd7 20. Rbe1 $14 {is also better for White.}) 20. d5 $1
(20. Rxb6 {would be a huge mistake because of} cxd4 21. cxd4 Bc5 $1 $11) 20...
exd5 (20... Nd7 21. Rbe1 $16 {Black's position is under pressure.}) 21. Rxb6 $1
{The better pawn to take.} (21. Bxd5 Bc7 $14 {is only slightly better for
White.}) 21... Qe3+ ({Another try from Black is} 21... d4 {, but} 22. cxd4 Qe3+
23. Kh1 cxd4 24. Nf5 $16 {also leads to White's advantage.}) 22. Kh1 Qxc3 (
22... Qd3 23. Rd1 Qxc3 24. Bxd5 $16) (22... d4 23. Nf5 $16) 23. Bxd5 $16 {
The game is basically over. All White has to do is put his pieces on active
squares.} Be7 24. Nf5 Bf6 25. Qd1 $1 {A very strong move. The queen was out of
play.} a4 26. Nd6 Qd4 27. Qe2 Rd7 28. Rd1 (28. Rfb1 $18 {is also good.}) 28...
Rxd6 (28... Qc3 29. Ne4 $18) 29. Rxd6 $1 {The best move from a practical point
of view.} Qc3 30. Rb1 h6 31. Rb7 $18 1-0

[Event "Jinan 3 Arrows Cup"]
[Site "Jinan"]
[Date "2003.09.17"]
[Round "1"]
[White "Bareev, Evgeny"]
[Black "Zhao, Xue"]
[Result "1-0"]
[WhiteElo "2721"]
[BlackElo "2467"]
[Annotator "Hecht,H"]
[PlyCount "149"]
[EventDate "2003.09.17"]
[EventType "schev"]
[EventRounds "4"]
[EventCountry "CHN"]
[SourceTitle "CBM 098"]
[Source "ChessBase"]
[SourceDate "2004.02.03"]
[SourceVersion "1"]
[SourceVersionDate "2004.02.03"]
[SourceQuality "1"]

1. c4 Nf6 2. Nc3 e6 3. e4 d5 4. e5 d4 5. exf6 dxc3 6. bxc3 Qxf6 7. Nf3 e5 8.
Bd3 Bd6 9. O-O Nc6 10. Rb1 O-O 11. Qc2 Kh8 12. Be4 Na5 13. Qa4 Bf5 14. Bxf5
Qxf5 15. Rb5 b6 16. c5 Be7 17. cxb6 axb6 18. Rxe5 Qf6 19. Qc2 Bd6 20. Re2 Rfe8
21. Rfe1 Rxe2 22. Rxe2 h6 23. d4 Qd8 24. c4 Kg8 25. Qa4 Bf8 26. Bf4 c5 27. d5
Qf6 28. Be5 Qf5 29. Qc2 Qd7 30. h3 b5 31. cxb5 Qxb5 32. Re4 Rd8 33. Qa4 Qb6 34.
Bc3 Nb7 35. Qc6 Qxc6 36. dxc6 Nd6 37. Ra4 Rc8 38. Ra6 f6 39. Nd2 Kf7 40. Nb3
Nc4 41. Na5 Nxa5 42. Bxa5 Ke6 43. Kf1 Kd5 44. c7 Bd6 45. Ra7 Re8 46. a4 g5 47.
g4 Kc6 48. Bc3 Bxc7 49. Ra6+ Kd5 50. Rxf6 Kc4 51. Bd2 Kd3 52. Be3 Be5 53. Rxh6
c4 54. Bxg5 c3 55. a5 c2 56. a6 Rf8 57. a7 Bd4 58. Rd6 Rxf2+ 59. Kg1 Rf8+ 60.
Kg2 Kc4 61. Ra6 Ra8 62. Ra4+ Kd3 63. Ra3+ Ke2 64. Ra2 Kd3 65. Bc1 Rxa7 66. Rxa7
Bxa7 67. Kf3 Bc5 ({Der weitaus bessere Versuch war} 67... Kd4 68. Kf4 (68. g5
Ke5 69. h4 Kf5 70. h5 Bd4 71. g6 Bg7 72. Ke2 Kg4 73. h6 Bxh6 74. Bxh6 Kh5 75.
g7 Kxh6 76. g8=Q c1=Q $11) 68... Kd3 69. g5 Ke2 70. g6 Bd4 71. Ke4 (71. h4 Kd1
72. Ba3 Bc5 73. Bb2 Bd4 $11) 71... Bc3 72. h4 Kd1 73. Bg5 Bd2 $11 {Ich sehe
nicht, wie Weiß sonst voran kommen kann.}) 68. g5 Bb4 69. g6 $18 {[%cal Rh3h4,
Rh4h5,Rh5h6,Rg6g7]} Bd2 70. g7 Bxc1 71. g8=Q Bd2 (71... Bb2 72. Qb3+ Bc3 {
siehe Partie}) 72. Qb3+ Bc3 73. Qb5+ Kd2 74. Qd5+ Ke1 75. Qd3 1-0

[Event "Asia-ch"]
[Site "Kolkata"]
[Date "2001.08.09"]
[Round "1"]
[White "Dableo, Ronald"]
[Black "Li, Wenliang"]
[Result "0-1"]
[WhiteElo "2310"]
[BlackElo "2494"]
[Annotator "Hecht,H"]
[PlyCount "78"]
[EventDate "2001.08.09"]
[EventType "swiss"]
[EventRounds "11"]
[EventCountry "IND"]
[SourceTitle "CBM 085"]
[Source "ChessBase"]
[SourceDate "2001.11.13"]
[SourceVersion "1"]
[SourceVersionDate "2001.11.13"]
[SourceQuality "1"]

1. c4 Nf6 2. Nc3 e6 3. e4 d5 4. e5 d4 5. exf6 dxc3 6. bxc3 Qxf6 7. d4 e5 8. Qe2
Be7 9. Qxe5 Qxe5+ 10. dxe5 Nc6 11. Nf3 Bg4 12. Be2 O-O-O 13. Bf4 Rhe8 14. O-O
f6 15. Rfe1 fxe5 16. Nxe5 Nxe5 17. Bxe5 Bxe2 18. Rxe2 Bf6 19. f4 Rd3 20. Rf1
Kd7 21. Rf3 Rxf3 22. gxf3 Bxe5 23. Rxe5 Rxe5 24. fxe5 {[#] Der aktive schwarze
König ist der Gewinngarant.} Ke6 25. f4 g5 26. fxg5 Kxe5 27. Kf2 Kf4 28. h4 Kg4
29. Ke3 Kxh4 30. Kf4 c5 31. a3 b6 32. a4 Kh3 33. Kf3 Kh4 34. Kf4 a6 35. Kf5 Kg3
36. Ke5 Kg4 37. g6 hxg6 38. Kd5 Kf4 39. Kc6 Ke5 (39... Ke5 40. Kxb6 g5 (40...
Kd6 41. Kxa6 Kc6 42. a5 g5 43. Ka7 $11 {entweder mit Pattschluss oder der
a-Bauer zieht mit Schach ein.}) 41. Kxa6 g4 42. a5 g3 43. Kb7 g2 44. a6 g1=Q
45. a7 Qg7+ {Matt in 7-11 Zügen}) (39... g5 40. Kxb6 g4 41. Kxa6 g3 42. a5 g2
43. Kb7 g1=Q 44. a6 Qg7+ 45. Kb6 Qxc3 46. a7 Qb4+ 47. Kc7 Qa4 48. Kb7 (48. Kb8
Qxc4 49. a8=Q Qg8+ $19) 48... Qxc4 49. a8=Q Qd5+ $19) 0-1

[Event "Olympiad-23"]
[Site "Buenos Aires"]
[Date "1978.11.03"]
[Round "9"]
[White "Chandler, Murray G"]
[Black "Hurme, Harri M"]
[Result "0-1"]
[WhiteElo "2390"]
[BlackElo "2310"]
[Annotator "Hurme,H"]
[PlyCount "108"]
[EventDate "1978.10.25"]
[EventType "team-swiss"]
[EventRounds "14"]
[EventCountry "ARG"]
[SourceTitle "EXT 2000"]
[Source "ChessBase"]
[SourceDate "1999.11.16"]
[SourceVersion "1"]
[SourceVersionDate "1999.11.16"]
[SourceQuality "1"]
[WhiteTeam "New Zealand"]
[BlackTeam "Finland"]
[WhiteTeamCountry "NZL"]
[BlackTeamCountry "FIN"]

1. c4 Nf6 2. Nc3 e6 3. e4 d5 4. e5 d4 5. exf6 dxc3 6. fxg7 cxd2+ 7. Bxd2 Bxg7
8. Qc2 Qf6 9. O-O-O Nc6 10. Nf3 e5 11. h3 Be6 12. Bd3 O-O-O 13. Bg5 Bh6 14. Qd2
Bxg5 15. Qxg5 Qxg5+ 16. Nxg5 Nb4 17. Nxe6 Nxd3+ 18. Kc2 Nb4+ 19. Kb3 Rxd1 20.
Rxd1 Nc6 21. Nc5 Nd4+ 22. Kc3 Rg8 23. Re1 b6 24. Nd3 f6 25. g4 h5 26. gxh5 Rh8
27. f4 Rxh5 28. fxe5 Nf3 29. Re3 Nxe5 30. b3 Nxd3 31. Rxd3 c5 32. Rf3 f5 33.
Rd3 Kc7 34. Kd2 a6 35. Ke2 b5 36. cxb5 axb5 37. Kf2 f4 38. Rf3 Rh4 39. Ke2 Kd6
40. Kd3 Kd5 41. a3 {[R 34/a]} Ke5 (41... c4+ 42. bxc4+ bxc4+ 43. Kd2 Ke4 44.
Rc3 $11) 42. a4 $1 (42. b4 $2 c4+ 43. Ke2 Ke4 {/\ Rh8-d8-d3-+}) (42. Ke2 b4 $1
43. a4 (43. axb4 cxb4 44. Kd3 Kd5 45. Ke2 Ke4 $19) 43... Ke4 44. Rd3 Rh8 45.
Rf3 Rh7 46. Rd3 Rg7 $1 $19) 42... bxa4 $1 (42... b4 43. a5 $11) (42... c4+ 43.
bxc4 bxa4 44. Kd2 $1 $11) 43. bxa4 Rh8 44. Kc4 $2 (44. Ke2 $1 Rb8 45. Rc3 Kd4
46. Rf3 $11) 44... Ke4 45. Rf1 (45. Ra3 Rc8 $1 46. h4 f3 47. h5 f2 48. Ra1 Kf3
49. h6 Ra8 $1 50. h7 Rxa4+ 51. Kxc5 Rh4 $19) 45... Ra8 $1 46. Kb5 $2 (46. Kxc5
Rxa4 $19) (46. Re1+ $5 Kf3 47. Ra1 Rc8 $1 $17) 46... f3 47. Ra1 Kd4 $1 $19 48.
a5 (48. Rd1+ Ke3 49. Ra1 f2 50. Kxc5 Rxa4 $19) 48... f2 49. a6 c4 50. Kb6 c3
51. Kb7 Rh8 52. a7 c2 53. h4 Kd3 54. h5 Kd2 0-1